000 00259nam a2200085Ia 4500
245 0 _aReflections on character and leadership
100 _a KETS DE VRIES, Manfred F R. Chichester, 2009
_970198
942 _cBK
008 210817s9999 xx 000 0 und d
999 _c284988
_d284987